[Event "Laval V"]
[Site "Laval"]
[Date "1985.03.30"]
[Round "3"]
[White "Clement, Michel"]
[Black "Marcil, Jean Francois"]
[Result "1-0"]
[WhiteElo "1703"]
[BlackElo "1430"]
[PlyCount "51"]
[EventDate "1985.03.29"]
[EventType "swiss"]
[EventRounds "5"]
[EventCountry "CAN"]
[SourceTitle "EXT 2022"]
[Source "ChessBase"]
[SourceDate "2021.10.06"]
[SourceVersion "1"]
[SourceVersionDate "2021.10.06"]
[SourceQuality "1"]

1. d4 d5 2. Nf3 Nf6 3. c4 dxc4 4. Nc3 e6 5. Bg5 c5 6. e3 Nc6 7. Bxc4 cxd4 8. Nxd4 Nxd4 9. exd4 Be7 10. 0-0 0-0 11. Be3 b6 12. d5 exd5 13. Nxd5 Nxd5 14. Qxd5 Qxd5 15. Bxd5 Ba6 16. Bxa8 Bxf1 17. Kxf1 Rxa8 18. Rc1 Bd6 19. Rd1 Rd8 20. Ke2 Bc7 21. Rxd8+ Bxd8 22. Kd3 Kf8 23. Kc4 a6 24. Kd5 Ke7 25. Kc6 b5 26. Bb6 1-0